[Event "17th Open"]
[Site "Chicago USA"]
[Date "2008.05.26"]
[Round "7"]
[White "Pasalic,M"]
[Black "Robson,R"]
[Result "0-1"]
[WhiteElo "2392"]
[BlackElo "2433"]

1.e4 c5 2.Nf3 d6 3.Bb5+ Nd7 4.O-O Nf6 5.Re1 a6 6.Bf1 b6 7.d3 Bb7 8.Nbd2 g6
9.b3 Bg7 10.Bb2 O-O 11.c3 e5 12.a3 Qc7 13.Rc1 Rae8 14.b4 d5 15.g3 Rd8 16.Qe2 Rfe8
17.Bg2 Bh6 18.Rcd1 dxe4 19.dxe4 Nb8 20.Nh4 b5 21.Nb3 c4 22.Nc5 Bc8 23.Bc1 Bxc1
24.Rxc1 Nbd7 25.Nxd7 Rxd7 26.Rcd1 Red8 27.Rxd7 Qxd7 28.Nf3 Qd6 29.Qe3 Bb7
30.Qa7 Rd7 31.Bh3 Re7 32.Qc5 Qxc5 33.bxc5 Nxe4 34.Re3 f6 35.c6 Bxc6 36.Bc8 Nc5  0-1

[Event "Bicentenary Open"]
[Site "Mostoles ESP"]
[Date "2008.05.26"]
[Round "5"]
[White "Quintero Torres,P"]
[Black "Argumanez Avendano,J"]
[Result "1-0"]
[WhiteElo "2078"]
[BlackElo "1774"]

1.e4 c5 2.Nf3 d6 3.Bb5+ Bd7 4.Bxd7+ Nxd7 5.O-O e6 6.Nc3 Ngf6 7.d4 cxd4 8.Qxd4 Be7
9.Bg5 O-O 10.Rad1 Qb6 11.Rfe1 h6 12.Bh4 Rfc8 13.Bg3 Qxb2 14.Nd5 Qxd4 15.Nxe7+ Kh7
16.Rxd4 Rxc2 17.Rxd6 g5 18.e5 g4 19.Nd4 Rxa2 20.exf6 Nxf6 21.h3 a5 22.Bh4 Ng8
23.Nxg8 Kxg8 24.Rd7 gxh3 25.Rxb7 a4 26.Re3 hxg2 27.Rg3+  1-0

[Event "Rapid Match"]
[Site "Miskolc HUN"]
[Date "2008.05.29"]
[Round "3"]
[White "Leko,P"]
[Black "Carlsen,M"]
[Result "1/2-1/2"]
[WhiteElo "2741"]
[BlackElo "2765"]

1.e4 c5 2.Nf3 d6 3.Bb5+ Bd7 4.Bxd7+ Qxd7 5.c4 Nf6 6.Nc3 g6 7.d4 cxd4 8.Nxd4 Bg7
9.h3 O-O 10.Be3 Rc8 11.b3 a6 12.a4 e6 13.Rc1 b6 14.O-O Qb7 15.Nf3 Rd8 16.e5 Ne8
17.Bf4 Nc6 18.exd6 e5 19.Be3 Rxd6 20.Qe2 Nd4 21.Bxd4 exd4 22.Nd5 Nf6 23.Nxf6+ Bxf6
24.Qd3 Re8 25.Rfe1 Rde6 26.Kf1 Rxe1+ 27.Rxe1 Rxe1+ 28.Nxe1 Qe7 29.c5 Qxc5
30.Qxa6 Qc1 31.Qc4 Qd1 32.Qc2 Qa1 33.Ke2 Kg7 34.Nd3 Qa3 35.Qc4 Qa2+ 36.Kd1 Qb1+
37.Ke2 Qa2+ 38.Kf3 Qb1 39.Ke2 Qa2+ 40.Kd1 Qb1+ 41.Ke2 Qa2+ 42.Kf1 Qb1+ 43.Ne1 h5
44.Qc2 Qa1 45.Ke2 Qa3 46.Nd3 Qe7+ 47.Kf1 Qe4 48.Qc4 Bg5 49.Qb5 Bf6 50.b4 Qe6
51.a5 Qb3 52.axb6 Qb1+ 53.Ke2 Qc2+ 54.Ke1 Qb1+ 55.Kd2 Qa2+ 56.Kd1 Qb1+ 57.Nc1 d3
58.Qxd3 Qxb4 59.Qb3 Qd6+ 60.Nd3 Bd4 61.b7 Ba7 62.Kd2 Bb8 63.g3 Qd7 64.h4 Qd6
65.Qc3+ Kh7 66.Qc8 Kg7 67.Ke2 Ba7 68.Qc3+ Kh7 69.Qb3 Kg7 70.Kf1 Kg8 71.Qb5 Bb8
72.Kg2 Kg7 73.Qc4 Qd7 74.Qe4 Qb5 75.Ne1 Qd7 76.Nf3 Kg8 77.Nd4 Kg7 78.Ne2 Kg8
79.Nc3 Kg7 80.Qd5 Qe7 81.Ne4 Ba7 82.Nd6 Bb8 83.Nc4 Qc7 84.Na5 Ba7 85.Nc4 Bb8
86.Nd2 Ba7 87.Ne4 Qe7 88.Qc6 Qe5 89.Qc3 Bd4 90.Qf3 Ba7 91.Ng5 Qc7 92.Qd5 Qe7
93.Nf3 Bb8 94.Qc6 Ba7 95.Qc3+ f6 96.Qb3 Qe2 97.b8=Q Qxf2+ 98.Kh3 Qf1+ 99.Kh2 Qf2+
100.Kh3 Qf1+  1/2-1/2

[Event "Mitropa Cup w"]
[Site "Olbia ITA"]
[Date "2008.05.31"]
[Round "7"]
[White "Ambrosi,E"]
[Black "De Seroux,C"]
[Result "1-0"]
[WhiteElo "2148"]
[BlackElo "1867"]

1.e4 c5 2.Nf3 d6 3.Bb5+ Bd7 4.Bxd7+ Qxd7 5.O-O Nc6 6.c3 Nf6 7.d4 e5 8.Re1 g6
9.Bg5 Bg7 10.Na3 cxd4 11.cxd4 O-O 12.dxe5 Nxe5 13.Nxe5 dxe5 14.Bxf6 Qxd1
15.Rexd1 Bxf6 16.Rd7 Rab8 17.Nb5 a6 18.Nc3 Rfd8 19.Rad1 Kf8 20.Kf1 Ke8 21.Rxd8+ Rxd8
22.Rxd8+ Kxd8 23.Nd5 Bg7 24.Ke2 Kd7 25.Kd3 Ke6 26.Kc4 Bf8 27.a4 h5 28.b4 Bd6
29.b5 Kd7 30.Nf6+ Ke7 31.Nd5+ Kd7 32.Nb6+ Kc7 33.Na8+ Kd7 34.Kd5 axb5 35.axb5 Bb8
36.Nb6+ Ke7 37.Nc4 Kf6 38.b6 h4 39.Na5 Kg5 40.h3 Kf4 41.Nxb7 f5 42.Nc5 g5
43.Ne6+  1-0

[Event "XXX Nezhmetdinov Mem"]
[Site "Kazan RUS"]
[Date "2008.06.01"]
[Round "1"]
[White "Fedoseev,Vl1"]
[Black "Azarov,S"]
[Result "0-1"]
[WhiteElo "2222"]
[BlackElo "2585"]

1.e4 c5 2.Nf3 d6 3.Bb5+ Nd7 4.c3 Nf6 5.Qe2 a6 6.Bxd7+ Nxd7 7.d4 e6 8.O-O Be7
9.a4 b6 10.Bf4 Bb7 11.Na3 cxd4 12.cxd4 O-O 13.Rac1 Nf6 14.Nd2 b5 15.Rfd1 bxa4
16.Bg5 Rb8 17.h3 Ba8 18.Rc2 h6 19.Bh4 Rb4 20.Rdc1 Qb6 21.Rc8 Qxd4 22.Rxf8+ Bxf8
23.Nc2 Qxb2 24.Rb1 Qxc2 25.Rxb4 g5 26.Rb8 Bc6 27.Qe3 Nxe4 28.Nf3 a3 29.Nd4 Qd1+
30.Kh2 Nd2 31.Qc3 Nf1+ 32.Kg1 Ng3+  0-1

[Event "Mitropa Cup m"]
[Site "Olbia ITA"]
[Date "2008.06.01"]
[Round "7"]
[White "Godena,M"]
[Black "Bosiocic,Mari"]
[Result "1/2-1/2"]
[WhiteElo "2528"]
[BlackElo "2503"]

1.e4 c5 2.Nf3 d6 3.Bb5+ Bd7 4.Bxd7+ Qxd7 5.O-O Nf6 6.Qe2 Nc6 7.c3 e6 8.d4 cxd4
9.cxd4 d5 10.e5 Ne4 11.Be3 Be7 12.Ne1 f5 13.Nd3 O-O 14.f3 Ng5 15.Nc3 Nf7
16.Qd2 Rac8 17.Ne2 a5 18.Rfc1 Nb4 19.Nxb4 Bxb4 20.Qd3 a4 21.Bd2 Be7 22.Nc3 Rc4
23.b3 axb3 24.axb3 Rc6 25.Ne2 Rfc8 26.g3 Nd8 27.Kg2 Rxc1 28.Rxc1 Rxc1 29.Bxc1 Nc6
30.Bd2 Nb4 31.Bxb4 Bxb4 32.h4 Qc6 33.Kf2 Kf7 34.g4 fxg4 35.Qxh7 gxf3 36.Nf4 Be1+
37.Kf1 Bd2 38.Qg6+ Kf8 39.Nxe6+ Ke7 40.Qd3 Qc1+ 41.Kf2 Qe1+ 42.Kxf3 Qe4+
43.Qxe4 dxe4+ 44.Ke2 Bc3 45.Nxg7 Kf7 46.Nf5 Ke6 47.Ng7+ Kf7 48.Nf5 Ke6 49.Nd6 Bxd4
50.Nxe4 Kxe5 51.Kd3 Bg1 52.b4 b5 53.h5 Kf5 54.Nd6+ Kg5 55.Nxb5 Bb6 56.Nd6 Kxh5
57.Kc4 Kg6 58.Kd5 Kf6 59.Kc6 Bg1 60.Ne4+ Ke7 61.Nc5 Kd8 62.Kb7 Bf2 63.Ne4 Bg1
64.b5 Kd7 65.Nc3 Kd8 66.Na4 Kd7 67.Nb6+ Kd8 68.Kc6 Bf2 69.Nd7 Kc8 70.Nc5 Bxc5
71.Kxc5 Kc7 72.b6+ Kb7 73.Kb5 Kb8 74.Kc6 Kc8 75.b7+ Kb8 76.Kb6  1/2-1/2

[Event "ch-CHN w"]
[Site "Beijing CHN"]
[Date "2008.06.02"]
[Round "5"]
[White "Zhang Jilin"]
[Black "Xu Tong"]
[Result "1/2-1/2"]
[WhiteElo "2361"]
[BlackElo "2188"]

1.e4 c5 2.Nf3 d6 3.Bb5+ Bd7 4.Bxd7+ Qxd7 5.c4 Nc6 6.d4 cxd4 7.Nxd4 Nf6 8.Nc3 g6
9.f3 Bg7 10.Be3 O-O 11.O-O a6 12.b3 Nxd4 13.Bxd4 b5 14.Nd5 Nxd5 15.cxd5 Bxd4+
16.Qxd4 Rfc8 17.Rac1  1/2-1/2

[Event "Mitropa Cup w"]
[Site "Olbia ITA"]
[Date "2008.06.02"]
[Round "9"]
[White "Sedina,E"]
[Black "Ignacz,M"]
[Result "1/2-1/2"]
[WhiteElo "2356"]
[BlackElo "2173"]

1.e4 c5 2.Nf3 d6 3.Bb5+ Nd7 4.d4 Nf6 5.O-O cxd4 6.Qxd4 e5 7.Qd3 h6 8.c4 Be7
9.Nc3 O-O 10.Bxd7 Bxd7 11.a4 Rc8 12.b3 a6 13.Ba3 Qa5 14.Rfc1 Rfd8 15.h3 Be6
16.Nd5 Bxd5 17.cxd5 Bf8 18.Nd2 b5 19.Bb2 Qb6 20.axb5 axb5 21.b4 Nh5 22.g3 Be7
23.Nb3 Rc4 24.Rxc4 bxc4 25.Qxc4 Bg5 26.Ra6 Qb7 27.Kg2 f5 28.exf5 Qf7 29.h4 Qxf5
30.hxg5 Nf4+ 31.gxf4 Qg4+ 32.Kh2 Qh4+ 33.Kg1 Qg4+ 34.Kf1 Qd1+ 35.Kg2 Qg4+  1/2-1/2

[Event "GMB"]
[Site "Sarajevo BIH"]
[Date "2008.06.02"]
[Round "9"]
[White "Arapovic,V"]
[Black "Benderac,A"]
[Result "1/2-1/2"]
[WhiteElo "2374"]
[BlackElo "2334"]

1.e4 c5 2.Nf3 d6 3.Bb5+ Nc6 4.O-O Bd7 5.Nc3 a6 6.Bxc6 Bxc6 7.d4 cxd4 8.Nxd4 Nf6
9.Nxc6 bxc6 10.Re1 Nd7 11.Be3 Rb8  1/2-1/2

[Event "XXX Nezhmetdinov Mem"]
[Site "Kazan RUS"]
[Date "2008.06.03"]
[Round "3"]
[White "Fedoseev,Vl1"]
[Black "Akhmadeev,Vad"]
[Result "0-1"]
[WhiteElo "2222"]
[BlackElo "2397"]

1.e4 c5 2.Nf3 d6 3.Bb5+ Nd7 4.c3 Nf6 5.Qe2 a6 6.Bxd7+ Nxd7 7.d4 e6 8.a4 Be7
9.O-O O-O 10.Bf4 b6 11.Rd1 cxd4 12.cxd4 Bb7 13.Nc3 Nf6 14.h3 Rc8 15.e5 Nd5
16.Nxd5 Bxd5 17.exd6 Bxd6 18.Bxd6 Qxd6 19.Ne5 Bb7 20.Ng4 Rfd8 21.Ne3 Rc7
22.Qd2 Rcd7 23.Rac1 h6 24.a5 b5 25.b4 Qf4 26.Qc3 Rxd4 27.Rxd4 Rxd4 28.Qc5 Qe4
29.Qc7 Rxb4 30.Rc5 Rb3 31.Qg3 Bc6 32.Ng4 Rxg3  0-1

[Event "Mitropa Cup w"]
[Site "Olbia ITA"]
[Date "2008.06.03"]
[Round "10"]
[White "Zimina,O"]
[Black "Schoene,Mar"]
[Result "1-0"]
[WhiteElo "2363"]
[BlackElo "2197"]

1.e4 c5 2.Nf3 d6 3.Bb5+ Nd7 4.d4 cxd4 5.Qxd4 a6 6.Bxd7+ Bxd7 7.Nc3 Nf6 8.Bg5 Qa5
9.O-O-O Be6 10.Rhe1 h6 11.Bh4 g5 12.e5 Bg7 13.Bg3 Nh5 14.Nd5 Nxg3 15.hxg3 dxe5
16.Nxe5 Rd8 17.Qa4+  1-0

[Event "58th ch-RUS w HL"]
[Site "Chelyabinsk RUS"]
[Date "2008.06.05"]
[Round "2"]
[White "Kovalevskaya,E"]
[Black "Romanko,M"]
[Result "0-1"]
[WhiteElo "2421"]
[BlackElo "2325"]

1.e4 c5 2.Nf3 d6 3.Bb5+ Nc6 4.O-O Bd7 5.Re1 a6 6.Bxc6 Bxc6 7.d4 cxd4 8.Nxd4 Bd7
9.Nc3 e5 10.Nde2 Rc8 11.Nd5 Ne7 12.Nec3 Nxd5 13.Nxd5 Be6 14.Be3 Be7 15.Re2 O-O
16.Rd2 Rc6 17.Qe2 f5 18.exf5 Rxf5 19.Rad1 Bf8 20.c3 Qh4 21.f3 Rf7 22.Qf2 Qh5
23.Qg3 Rf5 24.Qe1 Qf7 25.Bf2 Rg5 26.Bg3 Rg6 27.Qe4 Rc5 28.c4 b5 29.cxb5 axb5
30.b3 Bf5 31.Qe2 Be6 32.Nb4 h5 33.Kh1 Qf6 34.Bf2 Rc8 35.Nd5 Qg5 36.Be3 Qf5
37.Qxb5 h4 38.Qf1 h3 39.gxh3 Qh5 40.h4 Qxh4 41.Qf2 Qh5 42.Re2 Qf5 43.Nb6 Rb8
44.Red2 Qf7 45.Nd5 Rb5 46.Nc3 Rb4 47.Ne4 Qb7 48.Nxd6 Qa8 49.Rg1 Bg4 50.Ne4 Rxe4
51.h3 Rxe3 52.Qxe3 Bxf3+ 53.Kh2 Rxg1 54.Kxg1 e4 55.Qf4 Qc8 56.Kh2 Qc1  0-1

[Event "58th ch-RUS w HL"]
[Site "Chelyabinsk RUS"]
[Date "2008.06.05"]
[Round "2"]
[White "Shlakich,A"]
[Black "Bodnaruk,A"]
[Result "0-1"]
[WhiteElo "2196"]
[BlackElo "2347"]

1.e4 c5 2.Nf3 d6 3.Bb5+ Bd7 4.Bxd7+ Qxd7 5.c4 e5 6.Nc3 Nf6 7.d3 Be7 8.O-O O-O
9.a3 Nc6 10.Nd5 Nxd5 11.cxd5 Nd4 12.Nxd4 cxd4 13.f4 f5 14.Qb3 Kh8 15.Bd2 g6
16.Rae1 Bf6 17.Bb4 Bg7 18.fxe5 Bxe5 19.Bd2 Rf7 20.Rf2 fxe4 21.Rxf7 Qxf7 22.dxe4 Rf8
23.Qf3 Qxf3 24.gxf3 Rxf3 25.Rc1 Rb3 26.Bg5 Rxb2 27.Bh6 Kg8 28.Rf1 Bg7 29.Bf4 Rb6
30.Rc1 Be5 31.Bh6 Kf7 32.Rc7+ Ke8 33.Rxh7 Rb1+ 34.Kf2 Rb2+ 35.Ke1 Rxh2  0-1

[Event "XXX Nezhmetdinov Mem"]
[Site "Kazan RUS"]
[Date "2008.06.05"]
[Round "5"]
[White "Andreev,Ed UKR"]
[Black "Demianjuk,A"]
[Result "1/2-1/2"]
[WhiteElo "2459"]
[BlackElo "2317"]

1.e4 c5 2.Nf3 d6 3.Bb5+ Bd7 4.Bxd7+ Nxd7 5.O-O Ngf6 6.Qe2 Rc8 7.b3 g6 8.Bb2 Bg7
9.c4 O-O 10.d4 cxd4 11.Bxd4 Qa5 12.Bc3 Qh5 13.Nbd2 Ng4 14.Bxg7 Kxg7 15.h3 Nge5
16.Rad1 Nxf3+ 17.Nxf3 Nf6 18.Rd2 Kg8 19.Rfd1 a6 20.e5 dxe5 21.Qxe5 Qxe5 22.Nxe5 b5
23.Rd4 Rc7 24.Kf1 Kg7 25.Ke2 Rb8 26.f4 h6 27.Rd8 Rb6 28.Kf3 g5 29.g3 a5 30.Rc1 Rd6
31.Rb8 bxc4 32.Rxc4 Rxc4 33.bxc4 Nd7 34.Nxd7 Rxd7 35.Ke3 Rd1 36.c5 Kf6 37.Rb6+ e6
38.Ra6 gxf4+ 39.gxf4 Rh1 40.Rxa5 Rxh3+ 41.Kd4 Rf3 42.c6 Ke7 43.Ra7+ Kd6 44.Rxf7  1/2-1/2

[Event "TCh-BIH"]
[Site "Neum BIH"]
[Date "2008.06.05"]
[Round "2"]
[White "Jovanovic,Zo CRO"]
[Black "Fercec,N"]
[Result "1/2-1/2"]
[WhiteElo "2546"]
[BlackElo "2492"]

1.e4 c5 2.Nf3 d6 3.Bb5+ Nc6 4.Bxc6+ bxc6 5.O-O e5 6.c3 f5 7.exf5 Bxf5 8.d4 cxd4
9.cxd4 e4 10.Qc2 Rc8 11.Ng5 Qd7 12.Qe2 d5 13.f3 Nf6 14.Nc3 Be7 15.fxe4 dxe4
16.Ncxe4 Nxe4 17.Nxe4 O-O 18.Ng3 Bg4 19.Qc4+ Be6 20.Qa4  1/2-1/2

[Event "XXX Nezhmetdinov Mem"]
[Site "Kazan RUS"]
[Date "2008.06.07"]
[Round "7"]
[White "Gazizov,R"]
[Black "Filipenko,A"]
[Result "1/2-1/2"]
[WhiteElo "2193"]
[BlackElo "2341"]

1.e4 c5 2.Nf3 d6 3.Bb5+ Nc6 4.O-O Bd7 5.Re1 Nf6 6.c3 a6 7.Bf1 Bg4 8.d3 e6
9.Nbd2 d5 10.exd5 Nxd5 11.Qa4 Bf5 12.Ne4 Be7 13.h3 O-O 14.Bd2 Qc7 15.a3 b5
16.Qd1 Nb6 17.b4 cxb4 18.axb4 Rfd8 19.Qb3 Nd7 20.Be3 a5 21.bxa5 Rxa5 22.Rxa5 Qxa5
23.Ng3 Bg6 24.d4 Rb8 25.d5 Nd8 26.dxe6 Nxe6 27.Nd4 Ndc5 28.Qd5 Rd8 29.Nc6 Rxd5
30.Nxa5 Bf6 31.c4 bxc4 32.Nxc4 h5 33.Be2 Nd4 34.Bxd4 Rxd4 35.Ne3 h4 36.Ngf1 Rd8
37.Rc1 Ne6 38.Rd1 Nd4 39.Bc4 Rc8 40.Ba6 Rc6 41.Ng4 Be7 42.Bb7 Ne2+ 43.Kh1 Rc7
44.Bf3 Nf4 45.Nfe3 Bc5 46.Nd5 Nxd5 47.Bxd5 Kf8 48.Bf3 f6 49.Kg1 Ra7 50.Rc1 Bd4
51.Rd1 Ra4 52.Ne3 Ke7 53.Bc6 Ra1 54.Rxa1 Bxa1 55.Ba4 Ke6 56.Bc2 f5 57.Kf1 Bh7
58.Ke2 g6 59.Bd3 Ke5 60.Nc4+ Kd4 61.Nd2 Kd5 62.Bc4+ Kd6 63.Bd3 Bf6 64.Nc4+ Kc5
65.Ne3 Bg8 66.g4 hxg3 67.fxg3 Be6 68.h4 Bd4 69.h5 gxh5 70.Bxf5 Bf7 71.Kf3 Be5
72.Be4 Be8  1/2-1/2

[Event "58th ch-RUS w HL"]
[Site "Chelyabinsk RUS"]
[Date "2008.06.08"]
[Round "5"]
[White "Schepetkova,M"]
[Black "Ivakhinova,I"]
[Result "0-1"]
[WhiteElo "2158"]
[BlackElo "2265"]

1.e4 c5 2.Nf3 d6 3.Bb5+ Nc6 4.d4 cxd4 5.Qxd4 Bd7 6.Bxc6 Bxc6 7.O-O Nf6 8.Nc3 e6
9.Bg5 Be7 10.Rad1 O-O 11.Rfe1 Qa5 12.Re3 Rfd8 13.b4 Qc7 14.Nd2 b6 15.Rg3 Kh8
16.Rh3 Ne8 17.Qe3 d5 18.e5 a5 19.b5 Bxg5 20.Qxg5 Bb7 21.Nb3 Rdc8 22.Rdd3 f6
23.Qh4 h6 24.Rdg3 Qf7 25.Qf4 Kh7 26.Qd4 fxe5 27.Qxe5 Nf6 28.Nd4 Re8 29.f4 Rac8
30.f5 exf5 31.Qxf5+ Kh8 32.Rg6 Rc7 33.g4 Bc8 34.Qd3 Rxc3  0-1

[Event "XXX Nezhmetdinov Mem"]
[Site "Kazan RUS"]
[Date "2008.06.09"]
[Round "9"]
[White "Vokarev,S"]
[Black "Askarov,M"]
[Result "1-0"]
[WhiteElo "2502"]
[BlackElo "2522"]

1.e4 c5 2.Nf3 d6 3.Bb5+ Bd7 4.Bxd7+ Qxd7 5.c4 Nc6 6.O-O Nf6 7.Nc3 Nd4 8.Rb1 g6
9.b4 Nc6 10.a3 Bg7 11.d3 Ng4 12.Ne2 a6 13.h3 Nge5 14.Nxe5 Nxe5 15.Be3 b6
16.f4 Nc6 17.bxc5 bxc5 18.Qa4 Qc7 19.Rb3 O-O 20.Rfb1 Rfb8 21.Rxb8+ Rxb8 22.Rxb8+ Nxb8
23.Qe8+ Bf8 24.f5 Nd7 25.Nc3 Nf6 26.Qa8 e6 27.Bh6 Nd7 28.fxe6 fxe6 29.Qe8 Qb7
30.Qxe6+ Kh8 31.Qe8 Qb2 32.Bxf8 Qc1+ 33.Nd1 Nf6 34.Qf7 Nh5 35.Bg7+  1-0

[Event "TCh-BIH"]
[Site "Neum BIH"]
[Date "2008.06.09"]
[Round "6"]
[White "Arapovic,V"]
[Black "Galic,I"]
[Result "1/2-1/2"]
[WhiteElo "2374"]
[BlackElo "2271"]

1.e4 c5 2.Nf3 d6 3.Bb5+ Bd7 4.Bxd7+ Qxd7 5.O-O Nc6 6.d4 cxd4 7.Nxd4 Nf6 8.Re1 g6
9.Nc3 Bg7 10.Nxc6 Qxc6  1/2-1/2

[Event "ch-Panamerican U20"]
[Site "Cali COL"]
[Date "2008.06.11"]
[Round "3"]
[White "Cori,J"]
[Black "Arenas,D"]
[Result "1-0"]
[WhiteElo "2377"]
[BlackElo "2196"]

1.e4 c5 2.Nf3 d6 3.Bb5+ Nd7 4.O-O Nf6 5.Re1 a6 6.Bf1 b6 7.c4 Bb7 8.Nc3 e6
9.b3 Be7 10.Bb2 O-O 11.d4 cxd4 12.Nxd4 Rc8 13.g3 Qc7 14.Bg2 Qb8 15.Qe2 Bd8
16.Rad1 Re8 17.Kh1 Bc7 18.f4 Nc5 19.e5 Bxg2+ 20.Qxg2 dxe5 21.fxe5 Ng4 22.b4 Nb7
23.Nc6 Qa8 24.Rd7 Kh8 25.h3 Nh6 26.Ne7 Red8 27.Red1 Nf5 28.Nxc8 Rxc8 29.R1d3 Qb8
30.Rxf7 Kg8 31.Rfd7 Nd8 32.Ne2 Nf7 33.g4 N5h6 34.Nf4 Bxe5 35.Nxe6 Re8 36.Rb7 Qc8
37.Bxe5 Nxe5 38.Rxg7+ Kh8 39.Qe4 Ng6 40.Rdd7  1-0

[Event "IM"]
[Site "Danang VIE"]
[Date "2008.06.11"]
[Round "2"]
[White "Zaw Win Lay"]
[Black "Bao Quang"]
[Result "1/2-1/2"]
[WhiteElo "2574"]
[BlackElo "2332"]

1.e4 c5 2.Nf3 d6 3.Bb5+ Bd7 4.Bxd7+ Qxd7 5.O-O Nc6 6.b3 Nf6 7.Re1 e6 8.Bb2 Be7
9.d4 cxd4 10.Nxd4 O-O 11.c4 Rfd8 12.Nc3 Ne8 13.Nc2 Bf6 14.Na4 Qe7 15.Qf3 Bxb2
16.Nxb2 Qf6 17.Qxf6 Nxf6 18.Rad1 Kf8 19.f3 Ke7 20.Kf2 g6 21.Re2 Rac8  1/2-1/2

[Event "IM"]
[Site "Danang VIE"]
[Date "2008.06.11"]
[Round "2"]
[White "Nguyen Hoang Nam"]
[Black "Nava,R"]
[Result "0-1"]
[WhiteElo "2294"]
[BlackElo "2345"]

1.e4 c5 2.Nf3 d6 3.Bb5+ Bd7 4.Bxd7+ Qxd7 5.c4 Nc6 6.Nc3 e5 7.d3 g6 8.O-O Bg7
9.Nd5 h6 10.Qa4 Rc8 11.Rb1 Nge7 12.Bd2 b6 13.Rfc1 g5 14.h3 f5 15.Nxe7 Nxe7
16.Qxd7+ Kxd7 17.b4 fxe4 18.dxe4 Nc6 19.b5 Nd4 20.Nxd4 exd4 21.Rb3 Rhe8 22.Re1 Rc7
23.g3 Kc8 24.f3 Rce7 25.Rc1 Bf6 26.Kg2 h5 27.Rf1 Rg7 28.Kf2 Bd8 29.Rh1 Rf7
30.g4 Rxe4 31.Re1 Rxe1 32.Bxe1 hxg4 33.hxg4 d5 34.cxd5 Kd7 35.Bd2 Kd6 36.f4 c4
37.Rh3 c3 38.Bc1 Kxd5 39.Rh8 Bc7 40.f5 d3 41.Bxg5 Be5 42.Rc8 Rg7 43.f6 Rh7
44.Rd8+ Ke4 45.Kg2 d2 46.Kf1 Rh1+ 47.Ke2 Re1+  0-1

[Event "FSIM June"]
[Site "Budapest HUN"]
[Date "2008.06.13"]
[Round "7"]
[White "Vas,P SWE"]
[Black "Gao Rui"]
[Result "0-1"]
[WhiteElo "2196"]
[BlackElo "2139"]

1.e4 c5 2.Nf3 d6 3.Bb5+ Nc6 4.O-O Bd7 5.Re1 Nf6 6.c3 a6 7.Bf1 Bg4 8.h3 Bh5
9.d3 e6 10.Nbd2 Be7 11.a3 d5 12.Qe2 Qc7 13.Rb1 h6 14.g3 O-O 15.Bg2 Rfe8 16.Nf1 c4
17.exd5 cxd3 18.Qxd3 Bg6 19.Qd1 Bxb1 20.dxc6 Be4 21.Bf4 Qb6 22.Rxe4 Nxe4
23.Nd4 f5 24.Nxe6 Bf6 25.Qd5 bxc6 26.Qxf5 Qxf2+ 27.Kh1 Nd6 28.Qg4 h5 29.Qf3 Qxf3
30.Bxf3 Rxe6 31.Bxc6 Rae8 32.Bxd6 Rd8 33.Bc7 Rxc6 34.Bxd8 Bxd8 35.Kg2 Rb6  0-1

[Event "V Muhamedzjanov Memorial"]
[Site "Naberezhnye Chelny RUS"]
[Date "2008.06.15"]
[Round "6"]
[White "Komliakov,V"]
[Black "Solodovnichenko,Y"]
[Result "1/2-1/2"]
[WhiteElo "2444"]
[BlackElo "2538"]

1.e4 c5 2.Nf3 d6 3.Bb5+ Nd7 4.O-O Nf6 5.Re1 a6 6.Bf1 b6 7.c3 Bb7 8.d3 e5
9.c4 Be7 10.Nc3 O-O 11.g3 Re8 12.Nh4 Nf8 13.Nf5 Ne6 14.Nxe7+ Qxe7 15.f4 Nd4
16.Bg2 b5 17.f5  1/2-1/2

[Event "8th TCh-Euro U18"]
[Site "Szeged HUN"]
[Date "2008.06.17"]
[Round "4"]
[White "Gergacz,A"]
[Black "Panocki,A"]
[Result "1/2-1/2"]
[WhiteElo "2287"]
[BlackElo "2270"]

1.e4 c5 2.Nf3 d6 3.Bb5+ Bd7 4.Bxd7+ Qxd7 5.O-O Nf6 6.Re1 Nc6 7.d4 cxd4 8.Nxd4 g6
9.Nxc6 bxc6 10.b3 Bg7 11.Bb2 O-O 12.Nd2 Rfd8 13.Qe2 Qg4 14.Nf3 Nh5 15.Bxg7 Nf4
16.Qf1 Kxg7 17.Nd4 c5 18.Nb5 a5 19.f3 Qg5 20.c4 a4 21.g3 axb3 22.axb3 h5
23.Kh1 Ne6 24.f4 Qg4 25.Kg2 h4 26.Qf3 Qxf3+ 27.Kxf3 hxg3 28.hxg3 Rh8 29.f5 Ng5+
30.Kf4 f6 31.Nc7 Rxa1 32.Rxa1 gxf5 33.exf5 Rh2 34.Re1 Kf7 35.Nd5 e5+ 36.fxe6+ Nxe6+
37.Kg4 Rf2 38.Nf4 Nd4 39.Ra1 f5+ 40.Kg5 Rf3 41.Ra7+ Ke8 42.Kf6 Rxg3 43.Ne6 Nxe6
44.Kxe6 Re3+ 45.Kxd6 Rc3 46.Re7+ Kf8 47.Re5 Rf3 48.Ke6 f4 49.Rf5+ Kg7 50.Ke5 Kg6
51.Rxf4 Rxf4 52.Kxf4  1/2-1/2

[Event "Serbia Cup"]
[Site "Zlatibor SRB"]
[Date "2008.06.17"]
[Round "2"]
[White "Lecic,P"]
[Black "Arsovic,Z"]
[Result "0-1"]
[WhiteElo "2094"]
[BlackElo "2490"]

1.e4 c5 2.Nf3 d6 3.Bb5+ Bd7 4.Bxd7+ Qxd7 5.O-O e6 6.b3 Nf6 7.Re1 Nc6 8.Bb2 Be7
9.c4 O-O 10.d4 cxd4 11.Nxd4 Rfd8 12.Nc3 a6 13.Qd2 Rab8 14.Rad1 b6 15.Nxc6 Qxc6
16.Ba3 Rbc8 17.Qg5 Qc7 18.Qg3 b5 19.e5 dxe5 20.Bxe7 Qxe7 21.cxb5 axb5 22.Rxd8+ Qxd8
23.Qxe5 Qd2 24.Rd1 Qc2 25.Qd6 Qxc3  0-1

[Event "White Nights Open"]
[Site "St Petersburg RUS"]
[Date "2008.06.25"]
[Round "5"]
[White "Senkevich,K"]
[Black "Penkov,A"]
[Result "1-0"]
[WhiteElo "2136"]
[BlackElo "2027"]

1.e4 c5 2.Nf3 d6 3.Bb5+ Bd7 4.Bxd7+ Qxd7 5.O-O Nc6 6.d4 cxd4 7.Nxd4 Nf6 8.Re1 Rc8
9.c4 Ne5 10.b3 g6 11.Bb2 Bg7 12.Nc3 O-O 13.Qd2 h5 14.Rad1 h4 15.f4 Bh6 16.Qf2 Neg4
17.Qf3 Nh5 18.h3 Ngf6 19.e5 Nh7 20.exd6 exd6 21.Nd5 Rce8 22.f5 Re5 23.Qg4 Qe8
24.Nf3 Be3+ 25.Kh2 Re4 26.Rxe3 Rxe3 27.Nxe3 Qxe3 28.fxg6 N7f6 29.Bxf6 Nxf6
30.gxf7+ Kxf7 31.Qxh4 Rg8 32.Rxd6 Rg6 33.Qd4 Rh6 34.Rxf6+  1-0

[Event "XII Izmailov Mem"]
[Site "Tomsk RUS"]
[Date "2008.06.25"]
[Round "1"]
[White "Kuznetsov,E"]
[Black "Voitsekhovsky,S"]
[Result "1/2-1/2"]
[WhiteElo "2188"]
[BlackElo "2511"]

1.e4 c5 2.Nf3 d6 3.Bb5+ Nc6 4.O-O Bd7 5.Re1 a6 6.Bf1 Bg4 7.h3 Bh5 8.c3 Nf6
9.Na3 e6 10.Nc2 Be7 11.d4 cxd4 12.Ncxd4 Nxd4 13.Qxd4 Bxf3 14.gxf3 O-O 15.Be3 Rc8
16.Red1 Rc6 17.c4 Nd7 18.Rac1 Bg5 19.f4 Bxf4 20.Bxf4 e5 21.Qd2 exf4 22.Qxf4 Qe7
23.Rc3 Ne5 24.Qe3 Rfc8 25.Rdc1 Ng6 26.Rd1 Rc5 27.Rd5 Rxd5 28.exd5 Kf8 29.Qg3 Qc7
30.b4 a5 31.bxa5 Ne5 32.Rb3 Nd7 33.Qh4 h6 34.Re3 Qd8 35.Qe4 Nf6 36.Qf4 Qc7
37.Rb3 Nd7 38.Re3 Nc5 39.Qf5 Re8 40.Rxe8+ Kxe8 41.Qf4 Ke7 42.Qd2 Qd7 43.Qe3+  1/2-1/2

[Event "TCh-TUR"]
[Site "Kocaeli TUR"]
[Date "2008.06.27"]
[Round "7"]
[White "Emiroglu,C"]
[Black "Coban,Met"]
[Result "1-0"]
[WhiteElo "2019"]
[BlackElo "1864"]

1.e4 c5 2.Nf3 d6 3.Bb5+ Bd7 4.Bxd7+ Qxd7 5.O-O Nc6 6.c3 Nf6 7.Re1 g6 8.d4 cxd4
9.cxd4 d5 10.e5 Ne4 11.Nbd2 Nxd2 12.Bxd2 Bg7 13.Bc3 O-O 14.Qe2 Nd8 15.Ng5 Ne6
16.Nxe6 Qxe6 17.Qb5 b6 18.a4 a6 19.Qb3 Rac8 20.a5 b5 21.Bb4 Rc6 22.Bc5 Qd7
23.Qa3 Re8 24.Re3 f6 25.f4 e6 26.b4 Qc7 27.Rf1 Qf7 28.Qd3 Rcc8 29.Qe2 Bf8
30.Qb2 Bxc5 31.dxc5 f5 32.Qd4 Kf8 33.Rh3 Rc6 34.Qf2 Re7 35.Rd1 Ke8 36.Rd4 Kd7
37.Kf1 Kc7 38.Ke1 Kb7 39.Kd2 Rc8 40.Kc3 Kc6 41.Rdd3 Rg8 42.Qh4 Rf8 43.Kd4 Qg7
44.Rdg3 Qf7 45.Qg5 Rg8 46.Rh6 Rg7 47.Qf6 Rd7 48.Rd3 Re7 49.Rg3 Rd7 50.Qg5 Re7
51.h4 Qg8 52.h5 gxh5 53.Qxe7  1-0

[Event "TCh-TUR"]
[Site "Kocaeli TUR"]
[Date "2008.06.27"]
[Round "7"]
[White "Duman,A"]
[Black "Erdogan,H"]
[Result "1-0"]
[WhiteElo "2244"]
[BlackElo "2282"]

1.e4 c5 2.Nf3 d6 3.Bb5+ Nd7 4.d4 a6 5.Bxd7+ Bxd7 6.Nc3 e6 7.dxc5 dxc5 8.O-O b5
9.Ne5 b4 10.Bg5 Nf6 11.Qf3 bxc3 12.Rad1 Ra7 13.Nxd7 Rxd7 14.e5 Be7 15.exf6 gxf6
16.Rxd7 Qxd7 17.Rd1 Qc8 18.Bxf6 Bxf6 19.Qxf6 Rg8 20.bxc3 Qc7 21.g3 h5 22.Qf3 Rg5
23.Qa8+ Ke7 24.Rb1 Kf6 25.Qxa6 h4 26.Qa8 hxg3 27.hxg3 Kg7 28.Kg2 Rh5 29.Qf3 Rf5
30.Qe4 Qd6 31.a4 Qd2 32.Rf1 Qxc3 33.Qg4+ Kf6 34.Qh4+ Kg7 35.Qg4+ Kf6 36.Qe2 Re5
37.Qf3+ Qxf3+ 38.Kxf3 Rd5 39.Ra1 Ke5 40.a5 Rd7 41.Ke3 Ra7 42.a6 Kd5 43.Kd3 e5
44.c4+ Ke6 45.g4 f5 46.gxf5+ Kxf5 47.Ke3 Kf6 48.Ke4 Ke6 49.Rh1 Re7 50.Rh6+ Kd7
51.Rb6 Re8 52.Kd5 Kc7 53.Kxc5 Rf8 54.Rb7+ Kc8 55.Rb2 Kc7 56.Ra2 Kb8 57.a7+ Ka8
58.Kd5 Re8 59.Ke4 Re7 60.f3 Rf7 61.Ra3 Rf4+ 62.Kxe5 Rxc4 63.f4 Rc5+ 64.Ke4  1-0

[Event "1st Tournoi Circuit Espoirs Europe"]
[Site "Lyon FRA"]
[Date "2008.06.27"]
[Round "4"]
[White "Milliet,S"]
[Black "Edouard,R"]
[Result "0-1"]
[WhiteElo "2354"]
[BlackElo "2509"]

1.e4 c5 2.Nf3 d6 3.Bb5+ Bd7 4.Bxd7+ Qxd7 5.c4 g6 6.Nc3 Bg7 7.d4 cxd4 8.Nxd4 Nc6
9.Be3 Nf6 10.h3 Rc8 11.b3 Qd8 12.Rc1 Qa5 13.O-O O-O 14.a4 Rfe8 15.Re1 Nd7
16.Nd5 e6 17.Nc3 a6 18.Nxc6 Rxc6 19.Ne2 Nc5 20.Nd4 Rcc8 21.Bd2 Qb6 22.a5 Qc7
23.Bc3 f5 24.exf5 gxf5 25.f3 Qf7 26.Ne2 Rcd8 27.Bxg7 Qxg7 28.Nf4 e5 29.Nd5 Kh8
30.b4 Ne6 31.Rc2 f4 32.Qd3 Nd4 33.Rd2 Qg3 34.Re4 Nf5 35.Nf6 Re6 36.Ng4 Rg8
37.Ree2 Nd4 38.Re4 h5 39.Rxd4 exd4 40.Qxd4+ Rg7 41.Rd1 Re1+ 42.Rxe1 Qxe1+
43.Kh2 Qg3+ 44.Kg1 hxg4 45.Qxd6 Qe1+  0-1

[Event "Duras GM Teplarny"]
[Site "Brno CZE"]
[Date "2008.06.28"]
[Round "3"]
[White "Vyskocil,N"]
[Black "Talla,V"]
[Result "1/2-1/2"]
[WhiteElo "2313"]
[BlackElo "2403"]

1.e4 c5 2.Nf3 d6 3.Bb5+ Bd7 4.Bxd7+ Qxd7 5.O-O Nf6 6.e5 dxe5 7.Nxe5 Qc7 8.d4 e6
9.Nc3 cxd4 10.Qxd4 Nc6 11.Nxc6 Qxc6  1/2-1/2

[Event "International Open"]
[Site "Philadelphia USA"]
[Date "2008.06.28"]
[Round "5"]
[White "Becerra Rivero,J"]
[Black "Arun Prasad,S"]
[Result "1/2-1/2"]
[WhiteElo "2575"]
[BlackElo "2465"]

1.e4 c5 2.Nf3 d6 3.Bb5+ Bd7 4.a4 Nc6 5.O-O Nf6 6.Re1 e6 7.d3 Be7 8.Nbd2 O-O
9.b3 b6 10.Bb2 a6 11.Bxc6 Bxc6 12.d4 d5 13.exd5 Bxd5 14.Qe2 cxd4 15.Nxd4 Bb7
16.Rad1 Qc7 17.c4 Bb4 18.Rf1 Rfd8  1/2-1/2